Research methods in social science

Bibliographic Details
Main Author: Majumdar, P K
Format: Book
Subjects:

MARC

LEADER 00000cam a2200000 7i4500
001 0000038203
005 20131031.0
008 131030
020 |a 8130901226 
090 0 0 |a 300.72   |b MAJ 
100 1 |a Majumdar, P K 
245 1 0 |a Research methods in social science   |c P K Majumdar 
650 0 |a Social sciences   |x Research 
650 0 |a Social science   |x Methodology 
999 |a 0001243284   |b Book   |c Adult Collection   |e Cawangan Segamat